000 00557nam a2200217Ia 4500
008 160803s9999 xx 000 0 und d
020 _a9780516216867
100 _aFowler, Allan
245 _aCactuses /
245 _cby Allan Fowler ; consultants, Martha Walsh, Jan Jenner.
260 _aNew York :
260 _bScholastic Inc.
260 _c2001
300 _a31 pages :
300 _bcolor illustrations ;
300 _c19 cm.
500 _aIncludes index.
650 _aCactus --
650 _xJuvenile literature.
700 _a560
999 _c299468
_d299468